|
|
|
|
| LEADER |
01180nam a2200337 a 4500 |
| 001 |
000013019 |
| 003 |
CZ BrMZK |
| 005 |
20260223122909.0 |
| 007 |
ta |
| 008 |
940817s1994 xr g j cze d |
| 020 |
|
|
|a 80-237-1442-2
|c 11.90
|
| 040 |
|
|
|a BOA001
|b cze
|
| 072 |
|
7 |
|a 821-31/-34
|x Milostná, dobrodružná, fantastická próza
|2 Konspekt
|9 25
|
| 080 |
|
|
|a 821-322.5
|2 MRF
|
| 080 |
|
|
|a (0:82-322.5)
|2 MRF
|
| 100 |
1 |
|
|a Kersten, Verena
|7 jn20000810142
|
| 245 |
1 |
0 |
|a Už nejsme sami /
|c Verena Kerstenová ; Z něm. orig. přel. Marie Bečvářová
|
| 250 |
|
|
|a 1. vyd.
|
| 260 |
|
|
|a Praha :
|b I. Železný,
|c 1994
|
| 300 |
|
|
|a 57 s.
|
| 490 |
1 |
|
|a Matčino srdce ;
|v 110 (31/94)
|
| 490 |
1 |
|
|a Knihovnička Večerů pod lampou ;
|v 1225
|
| 655 |
|
7 |
|a milostné povídky
|7 fd132834
|2 czenas
|
| 655 |
|
9 |
|a love short stories
|2 eczenas
|
| 700 |
1 |
|
|a Bečvářová, Marie,
|d 1879-1936
|7 jn20000400171
|
| 765 |
0 |
|
|t Zwei, die nicht mehr einsam sind
|
| 830 |
|
0 |
|a Matčino srdce
|
| 830 |
|
0 |
|a Knihovnička Večerů pod lampou
|
| 910 |
|
|
|a BOA001
|b 1-1000.938
|
| 990 |
|
|
|a BK
|
| 996 |
6 |
|
|b 2610010823
|c 1-1000.938
|l MZK
|r Sklad / do 1 hodiny
|n 0
|p p.v.
|w 000013019
|u 000010
|a 1
|e BOA001
|j MZK50
|s P
|